William Saroyan: Tracyho tiger

Bibliographic Details
Main Author: Gajdoš, Martin, 1976- (Author)
Format: Article
Language:Slovak
Subjects:

MARC

LEADER 00000nab a2200000 a 4500
001 vtls000849607
003 SK-MaSNL
005 20260304142841.0
008 250505c2003 xo 0 slo
015 |a SNBRB2003/10-29711 
035 |a CLN000201262 
035 |a urn:nbn:sk:snk-abbwtw 
035 |a (urnnbn)urn:nbn:sk:snk:ar-004a4u 
035 |a (uuid)8761ec02-fe35-42ab-8389-5c43c0a40334 
040 |a SNKBUCL  |b slo  |c SNKBUCL  |e AACR2 
041 0 |a slo 
044 |a xo  |c SK 
080 |a 82.09:821.111 (73)-32(048)  |2 1997 
080 |a 821.111 (73)-32(048)  |2 1997 
100 1 |a Gajdoš, Martin,  |d 1976-  |4 aut  |9 107655 
245 1 0 |a William Saroyan: Tracyho tiger  |c Martin Gajdoš 
650 0 7 |a americké novely  |2 snkbucl  |9 383516 
655 7 |a recenzie  |2 snkbucl  |9 21907 
655 7 |a články z novín a časopisov  |2 snkbucl  |9 267496 
773 0 |t Revue svetovej literatúry  |g Roč. 39, č. 3 (2003), s. 151-152 
787 0 8 |i Rec.:  |a Saroyan, William  |t Tracyho tiger  |d Bratislava : Slovenský spisovateľ, c2002  |z 8022011487 
850 |a Slovenská národná knižnica 
852 |a Slovenská národná knižnica 
954 |a odborná, vedecká literatúra pôvodná (slovenská)  |2 lita 
958 |a article15 
958 |a OND 
958 |a LX 
958 |a US 
958 |a RC 
958 |a EUIPO 
992 |a RBX 
999 |c 2923331  |d 2925261